000 00679nam a22002297a 4500
003 UA-OsUOA
001 46190
007 ta
008 20120206b un ||||| |||| 00| 0 ukr d
090 _a82-92
_bБ53
942 _cBR
040 _aUA-OsUOA
_bukr
_cUA-OsUOA
_dUA-OsUOA
245 _aБесіди з друзями
_bСергій Кіндзерявик-Пастухів
300 _a31 с.
955 _a4
041 _aukr
080 _a82-92
260 _c1964
650 7 _a82 Література. Літературознавство
_2UDC
999 _c426296
_d426296